01220cam a22002775i 4500999001700000003000900017005001700026008004100043020001800084040004300102082002300145100003400168245020600202250001900408264009300427300004500520336002600565337002800591338002700619500002000646650003000666650002800696653002300724942001200747952018300759 c28135d28106EG-ScBUE20200218104500.0200218s2017 ii a f b 001 0 eng d a9789386322036 aEG-ScBUEbengerdacEG-ScBUEdEG-ScBUE04a610.73072bDAS2221 aDash, Bijayalaskhmi,eauthor.10aEssentials of nursing research and biostatistics /cDash Bijayalaskhmi, MSc (N), Lecturer, Community Nursing (ONES Cadre), Government College of Nursing, MKCG Medical College, Berhampur, Odisha, India. aFirst edition. 1aNew Delhi :bJaypee Brothers Medical Publishers :bThe Health Sciences Publisher,c2017. axii, 360 pages :billustrations ;c24 cm atextbtxt2rdacontent aunmediatedbn2rdamedia avolumebnc2rdacarrier aIncludes index. 7aNursingxResearch.2BUEsh 7aBiometry.2BUEsh926131 bNNURcFebruary2020 2ddccBB 00102ddc40708AlahramaMAINbMAINc1STd2020-02-18ePurchaseg237.00h542l2m17o610.73072 DASp000048694q2023-02-02r2021-09-05 00:00:00s2021-09-05v296.25w2020-02-18yBB